00626nam a22002177a 450000500170000001000130001702000230003003500130005303700160006604000120008208200180009410000210011224500740013326000420020727000540024930000240030350000400032765000220036765000160038970000030040520170124110106.0 aA-716246 c600.00a8170541638 aA-716246 bCen Lib/Ret aDPLbEN a954.0841bAMB aAmbastha, G.S.P. aFreedom movement and role of congress leaders /cby G.S.P. Ambastha aNew DelhibClassical Publishingc1995 a28, Shopping Center Karampura bNew Delhie110015 avi,464p. c20cm(Hb) aIncludes bibliographical reference  aPolitical Science aNationalism